[Event "La Paloma op 3rd"]
[Site "La Paloma"]
[Date "2014.02.16"]
[Round "5"]
[White "Arias Bouzada, Jorge"]
[Black "Michailov, Matias"]
[Result "1/2-1/2"]
[WhiteElo "2073"]
[BlackElo "2127"]
[PlyCount "92"]
[EventDate "2014.02.14"]
[EventType "swiss"]
[EventRounds "5"]
[EventCountry "URU"]
[SourceTitle "EXT 2018"]
[Source "ChessBase"]
[SourceDate "2017.10.13"]
[SourceVersion "1"]
[SourceVersionDate "2017.10.13"]
[SourceQuality "1"]

1. c4 e5 2. Nc3 Nf6 3. g3 d5 4. cxd5 Nxd5 5. Bg2 Nb6 6. Nf3 Nc6 7. 0-0 Be7 8. d3 0-0 9. Ne4 f6 10. Be3 Nd4 11. Nxd4 exd4 12. Qb3+ Kh8 13. Bf4 c6 14. Rac1 Nd5 15. Bd2 Qb6 16. Qc2 Be6 17. Nc5 Bxc5 18. Qxc5 Qxb2 19. Rc2 Qb6 20. a4 Nc3 21. Rxc3 dxc3 22. Qxc3 a5 23. Bf3 Rfd8 24. h4 Qd4 25. Qc2 Bg4 26. Be3 Qd7 27. Be4 Bf5 28. Bf3 Be6 29. h5 h6 30. Qc3 Bd5 31. Bb6 Bxf3 32. Bxd8 Bxe2 33. Re1 Rxd8 34. Rxe2 Qxd3 35. Qxa5 Kh7 36. Re7 Qb1+ 37. Kg2 Rd1 38. Qc7 Rg1+ 39. Kh2 Rh1+ 40. Kg2 Rxh5 41. Rxg7+ Kh8 42. Rg8+ Kxg8 43. Qd8+ Kf7 44. Qd7+ Kf8 45. Qd8+ Kf7 46. Qd7+ Kf8 1/2-1/2

[Event "La Paloma op 3rd"]
[Site "La Paloma"]
[Date "2014.02.15"]
[Round "3"]
[White "Arias Bouzada, Jorge"]
[Black "De Cuadro, Dionisio"]
[Result "1-0"]
[WhiteElo "2073"]
[BlackElo "1620"]
[PlyCount "33"]
[EventDate "2014.02.14"]
[EventType "swiss"]
[EventRounds "5"]
[EventCountry "URU"]
[SourceTitle "EXT 2018"]
[Source "ChessBase"]
[SourceDate "2017.10.13"]
[SourceVersion "1"]
[SourceVersionDate "2017.10.13"]
[SourceQuality "1"]

1. c4 c5 2. Nf3 Nc6 3. d4 cxd4 4. Nxd4 e5 5. Nb5 d6 6. e4 Nf6 7. N1c3 a6 8. Na3 Be7 9. Nc2 Be6 10. Be2 0-0 11. Be3 Qc7 12. f3 Nd7 13. 0-0 Rad8 14. Rc1 Nb6 15. Nd5 Bxd5 16. cxd5 Nd4 17. Nxd4 1-0

[Event "Montevideo zt 2.5"]
[Site "Montevideo"]
[Date "2013.04.21"]
[Round "4"]
[White "Muniz, Rafael"]
[Black "Arias Bouzada, Jorge"]
[Result "1-0"]
[WhiteElo "2279"]
[BlackElo "2131"]
[PlyCount "117"]
[EventDate "2013.04.19"]
[EventType "swiss"]
[EventRounds "9"]
[EventCountry "URU"]
[SourceTitle "CBM 154 Extra"]
[Source "ChessBase"]
[SourceDate "2013.06.25"]
[SourceVersion "2"]
[SourceVersionDate "2013.06.25"]
[SourceQuality "1"]

1. e4 c5 2. Nf3 Nc6 3. d4 cxd4 4. Nxd4 Nf6 5. Nc3 g6 6. Be3 Bg7 7. Bc4 0-0 8. Bb3 Ng4 9. Qxg4 Nxd4 10. Qd1 Nxb3 11. axb3 b6 12. Bd4 d6 13. Bxg7 Kxg7 14. 0-0 Bb7 15. Qd4+ Kg8 16. Rfd1 Qc7 17. Ra4 Bc6 18. Ra3 Qb7 19. Nd5 Rfc8 20. c3 Bxd5 21. Qxd5 Qxd5 22. Rxd5 Kf8 23. Ra6 Rc7 24. Kf1 Ke8 25. Ke2 Kd7 26. g4 h6 27. h4 Kc6 28. h5 e6 29. Rd4 g5 30. b4 e5 31. Rd5 Kb7 32. Ra1 Rd8 33. Rad1 Rcd7 34. c4 f6 35. b3 a6 36. Kd3 Kc7 37. Kc3 Kb7 38. R1d3 Kc7 39. Rf3 Rf7 40. Rfd3 Rfd7 41. Kb2 Kb7 42. Rf3 Rf7 43. c5 b5 44. cxd6 Rdd7 45. Rc3 Rd8 46. Rf3 Rdd7 47. Kc2 Kc6 48. Rc3+ Kb7 49. Kd2 Rd8 50. Ke3 Rfd7 51. Rdc5 Rxd6 52. Rc7+ Kb6 53. Rh7 Rd1 54. Rxh6 R8d6 55. Rg6 Rh1 56. Ke2 Rh4 57. Rf3 Rxg4 58. Rfxf6 Rxe4+ 59. Kf3 1-0

[Event "Montevideo zt 2.5"]
[Site "Montevideo"]
[Date "2013.04.20"]
[Round "3"]
[White "Bachmann, Axel"]
[Black "Arias Bouzada, Jorge"]
[Result "1-0"]
[WhiteElo "2529"]
[BlackElo "2131"]
[PlyCount "113"]
[EventDate "2013.04.19"]
[EventType "swiss"]
[EventRounds "9"]
[EventCountry "URU"]
[SourceTitle "CBM 154 Extra"]
[Source "ChessBase"]
[SourceDate "2013.06.25"]
[SourceVersion "2"]
[SourceVersionDate "2013.06.25"]
[SourceQuality "1"]

1. Nf3 c5 2. c4 Nf6 3. Nc3 Nc6 4. d4 cxd4 5. Nxd4 g6 6. e4 Bg7 7. Be3 0-0 8. Be2 d6 9. 0-0 Bd7 10. Rc1 Nxd4 11. Bxd4 Bc6 12. f3 a5 13. b3 Nd7 14. Be3 Nc5 15. Qd2 Qb6 16. Nb5 Rfc8 17. Rfd1 Be5 18. Bf1 Bd7 19. Qf2 Qd8 20. Nc3 Be6 21. Nb5 Qf8 22. f4 Bg7 23. e5 Bg4 24. Re1 Ne4 25. Qc2 Nc5 26. exd6 exd6 27. Qd2 Rd8 28. Nc7 Ra7 29. h3 Bd7 30. Rcd1 b6 31. Nd5 Rb7 32. Bd4 Bc6 33. Nf6+ Bxf6 34. Bxf6 Rdd7 35. Bb2 f6 36. Re3 Kg7 37. Rde1 Rd8 38. Qe2 Rf7 39. g4 Kg8 40. Bg2 Bxg2 41. Qxg2 f5 42. Qd5 Ne4 43. Qd4 Rg7 44. Qxg7+ Qxg7 45. Bxg7 Kxg7 46. Rd1 Kf6 47. Rd5 Ke6 48. Rb5 Rb8 49. Kg2 Kf6 50. Rd5 Ke6 51. Kf3 Kf6 52. Re2 Rb7 53. Re1 Re7 54. Red1 Re6 55. R1d3 Nc5 56. R3d4 Ne4 57. Rb5 1-0

[Event "URU-ch sf"]
[Site "Montevideo"]
[Date "2013.02.12"]
[Round "9"]
[White "Arias Bouzada, Jorge"]
[Black "Lopez Falcon, Jorge"]
[Result "1/2-1/2"]
[WhiteElo "2138"]
[BlackElo "2138"]
[PlyCount "49"]
[EventDate "2013.02.08"]
[EventType "swiss"]
[EventRounds "9"]
[EventCountry "URU"]
[SourceTitle "EXT 2014"]
[Source "ChessBase"]
[SourceDate "2013.11.20"]
[SourceVersion "1"]
[SourceVersionDate "2013.11.20"]
[SourceQuality "1"]

1. c4 Nf6 2. g3 g6 3. Nc3 Bg7 4. Bg2 0-0 5. Nf3 d6 6. d4 Nbd7 7. 0-0 e5 8. Rb1 Re8 9. d5 e4 10. Ng5 e3 11. Bxe3 Rxe3 12. fxe3 Bh6 13. Nce4 Nxe4 14. Nxe4 f5 15. Nf2 Bxe3 16. Kh1 Ne5 17. Qb3 Qg5 18. c5 h5 19. Nh3 Qh6 20. Nf4 Bxc5 21. Nd3 Nxd3 22. Qxd3 Bd7 23. e4 h4 24. b4 Be3 25. gxh4 1/2-1/2